000 00696nam a22002177a 4500
003 UA-OsUOA
001 39917
007 ta
008 20080521b un ||||| |||| 00| 0 ukr d
090 _a050
_bС90
942 _cMG
040 _aUA-OsUOA
_bukr
_cUA-OsUOA
_dUA-OsUOA
245 _aСурма (Бюлетень Організації Українських Націоналістів)
955 _a4
041 _aukr
080 _a050
260 _aКиїв
310 _a1993: 18
650 7 _a050 Серійні публікації. Періодика галузі, Організація та інші типи поєднання (співробітництва)
_2UDC
999 _c438417
_d438417